What is japanese architecture

Guardat en:
Dades bibliogràfiques
Autors principals: Nishi, Kazuo (Autor), Hozumi, Kazuo (Autor)
Format: Llibre
Idioma:anglès
Publicat: Nueva York Kodansha America 1983
Matèries:
Etiquetes: Afegir etiqueta
Sense etiquetes, Sigues el primer a etiquetar aquest registre!

MARC

LEADER 00000nam a2200000 a 4500
001 UCS8962
003 CL-VaPUC
008 971113e19830000US |||||||||||||||||eng|d
020 |a 4770019920 
082 0 4 |a 722.1  |b NIS  |2 21 
100 |a Nishi, Kazuo  |e author  |9 484515 
700 0 |a Hozumi, Kazuo  |e author  |9 393725 
245 1 0 |a What is japanese architecture 
300 |a 144 p 
942 |c BK 
945 |d 19971113 00:00:00  |a jquezada 
260 |a Nueva York  |b Kodansha America  |c 1983 
650 0 |a Arte japonés  |9 268878 
650 0 |a Arquitectura japonesa   |9 334028 
650 7 |a TEMPLOS BUDISTAS  |2 CL-VaPUC  |9 267803 
650 7 |a CASTILLOS  |2 CL-VaPUC  |9 393726 
650 7 |a DECORACION  |2 CL-VaPUC  |9 358110 
650 7 |a TECNICAS  |2 CL-VaPUC  |9 315860 
650 7 |a ESTILOS  |2 CL-VaPUC  |9 347016 
583 |a last modification  |c 19971113 00:00:00  |k Rodrigo Vera 
999 |c 263045  |d 263043 
952 |0 0  |1 0  |4 0  |6 722_100000000000000_NIS_1983  |7 0  |8 A  |9 292126  |a BIBGIM  |b BIBGIM  |d 2019-11-19  |i 3364208  |o 722.1 NIS 1983  |p 3364208  |r 2025-01-15  |w 2019-11-19  |y BK  |k ORI 
952 |0 0  |1 0  |4 0  |6 722_100000000000000_NIS_1983  |7 0  |8 A  |9 292127  |a BIBGIM  |b BIBGIM  |d 2019-11-19  |i 4212444  |o 722.1 NIS 1983  |p 4212444  |r 2025-01-15  |w 2019-11-19  |y BK  |k ORI